[Event "Futurity 1"]
[Site "Winnipeg CAN"]
[Date "2010.01.19"]
[Round "3"]
[White "Lauritzen, S."]
[Black "Babb, Jeff"]
[Result "0-1"]
[WhiteElo "1920"]
[BlackElo "2084"]
[PlyCount "62"]
[EventDate "2010.01.05"]
[EventType "tourn"]
[EventRounds "7"]
[EventCountry "CAN"]

1. d4 Nf6 2. c4 c5 3. d5 b5 4. Nf3 g6 5. Qc2 Bg7 6. e4 d6 7. Nbd2 O-O 8. Bd3
Nh5 9. Nf1 Na6 10. a3 Qa5+ 11. Bd2 Nb4 12. Bxb4 cxb4 13. N3d2 bxc4 14. Bxc4 b3
15. Qxb3 Ba6 16. Bxa6 Qxa6 17. Qc4 Qxc4 18. Nxc4 Rfc8 19. Nfd2 Rab8 20. Rb1 Nf4
21. O-O f5 22. exf5 gxf5 23. b3 Nxd5 24. Rfe1 Kf7 25. g3 Nc3 26. Rbc1 d5 27.
Ne5+ Bxe5 28. Rxe5 Ne2+ 29. Rxe2 Rxc1+ 30. Kg2 Rc2 31. f4 Rxb3 0-1

[Event "Futurity 1"]
[Site "Winnipeg CAN"]
[Date "2010.01.19"]
[Round "3"]
[White "Niks, E."]
[Black "Schulz, Wilhelm"]
[Result "1/2-1/2"]
[WhiteElo "2121"]
[BlackElo "1998"]
[PlyCount "95"]
[EventDate "2010.01.05"]
[EventType "tourn"]
[EventRounds "7"]
[EventCountry "CAN"]

1. e4 c5 2. Nf3 a6 3. d4 cxd4 4. Nxd4 Nf6 5. Nc3 e5 6. Nf5 d5 7. Bg5 d4 8. Bxf6
gxf6 9. Ne2 Bxf5 10. exf5 Qa5+ 11. Qd2 Qxd2+ 12. Kxd2 Bh6+ 13. f4 Nc6 14. c3
O-O-O 15. cxd4 Nxd4 16. Rc1+ Kb8 17. Rc3 Nxf5+ 18. Kc2 Rc8 19. g3 Ne3+ 20. Kd3
Nxf1 21. Rxc8+ Rxc8 22. Rxf1 Rd8+ 23. Ke3 f5 24. Rc1 f6 25. Rc3 Bf8 26. Rd3
Bc5+ 27. Kd2 Rxd3+ 28. Kxd3 Kc7 29. Kc4 Kd6 30. a4 Bf2 31. b4 h5 32. Nc3 Ke6
33. b5 Bd4 34. Ne2 Be3 35. Kd3 Bf2 36. Kc4 axb5+ 37. axb5 b6 38. Nc3 Bg1 39. h3
Bf2 40. Nd5 e4 41. Nc7+ Kd6 42. Nd5 e3 43. Nc3 Bxg3 44. Ne2 Be1 45. Kd4 h4 46.
Kc4 Bg3 47. Kd4 Be1 48. Kc4 1/2-1/2

[Event "Futurity 1"]
[Site "Winnipeg CAN"]
[Date "2010.01.26"]
[Round "4"]
[White "Babb, Jeff"]
[Black "Schulz, Wilhelm"]
[Result "0-1"]
[WhiteElo "2084"]
[BlackElo "1998"]
[PlyCount "154"]
[EventDate "2010.01.05"]
[EventType "tourn"]
[EventRounds "7"]
[EventCountry "CAN"]

1. f4 Nf6 2. Nf3 c5 3. b3 e6 4. Bb2 Be7 5. e3 d6 6. Be2 Nc6 7. O-O O-O 8. c4
Ne4 9. d4 cxd4 10. Nxd4 Nxd4 11. exd4 d5 12. c5 f5 13. b4 a5 14. b5 a4 15. a3
Qa5 16. Rf3 Bd7 17. Bc3 Qc7 18. Bb4 Be8 19. Rf1 Kh8 20. Nc3 Nxc5 21. dxc5 Bxc5+
22. Kh1 Bxb4 23. Nxd5 exd5 24. axb4 Bf7 25. Qd4 Rfc8 26. Bd3 Qc3 27. Qxc3 Rxc3
28. Bxf5 Rc4 29. g3 Rxb4 30. Bd7 Rd8 31. Bg4 d4 32. Bf3 Bc4 33. Rfd1 Bxb5 34.
Bxb7 Be2 35. Rd2 Rxb7 36. Rxe2 d3 37. Rd2 Rd4 38. Kg2 Kg8 39. Kf2 Ra7 40. Ra3
Rd6 41. Ke1 Kf7 42. Kd1 Kf6 43. Rda2 Rd4 44. Kd2 Kf5 45. Rxd3 Rxd3+ 46. Kxd3
Kg4 47. Kc4 h5 48. Ra3 h4 49. gxh4 Kxf4 50. Kb4 Kg4 51. Kb5 Kxh4 52. Kb6 Ra8
53. Kb7 Re8 54. Rxa4+ Kh3 55. Ra2 g5 56. Kc6 g4 57. Kd5 Re1 58. Rd2 Rh1 59. Ke4
Rxh2 60. Rd3+ g3 61. Rd8 Rf2 62. Rh8+ Kg2 63. Ke3 Rf7 64. Re8 Rf1 65. Ra8 Rf7
66. Re8 Kg1 67. Rg8 g2 68. Ke2 Rf5 69. Rg7 Rf6 70. Rg8 Re6+ 71. Kd2 Re5 72. Kd3
Kf2 73. Rf8+ Kg3 74. Rg8+ Kf3 75. Rf8+ Kg4 76. Rg8+ Rg5 77. Rxg5+ Kxg5 0-1

[Event "Futurity 1"]
[Site "Winnipeg CAN"]
[Date "2010.01.26"]
[Round "4"]
[White "Boron, Julien"]
[Black "Niks, E."]
[Result "1-0"]
[WhiteElo "2038"]
[BlackElo "2121"]
[PlyCount "121"]
[EventDate "2010.01.05"]
[EventType "tourn"]
[EventRounds "7"]
[EventCountry "CAN"]

1. d4 e6 2. Nf3 d5 3. e3 Nf6 4. Bd3 c5 5. c3 Bd6 6. O-O O-O 7. Nbd2 Nc6 8. b3
e5 9. dxe5 Nxe5 10. Be2 Bf5 11. Bb2 Qc7 12. Nxe5 Bxe5 13. Nf3 Bd6 14. c4 dxc4
15. Bxc4 Rad8 16. Qe2 Bg4 17. h3 Bxf3 18. Qxf3 Nd7 19. Rad1 Be5 20. Bxe5 Nxe5
21. Qf4 Qe7 22. Bd5 Ng6 23. Qe4 Rd7 24. Qxe7 Rxe7 25. Rd2 Rd7 26. Rfd1 Rc8 27.
Be4 Rxd2 28. Rxd2 Rc7 29. Rd8+ Nf8 30. Bxh7+ Kxh7 31. Rxf8 c4 32. bxc4 Rxc4 33.
Rxf7 Rc1+ 34. Kh2 Rb1 35. a4 a5 36. Rd7 b6 37. Rd6 Rb4 38. f3 Rxa4 39. Rxb6 Ra1
40. Ra6 Kg8 41. e4 Kf7 42. e5 a4 43. Kg3 a3 44. f4 g6 45. Kg4 Ra2 46. g3 Ra1
47. Kg5 a2 48. Ra7+ Ke6 49. g4 Kd5 50. Kxg6 Rf1 51. Rxa2 Rxf4 52. Kg5 Rf3 53.
Ra5+ Ke6 54. h4 Rf8 55. h5 Rg8+ 56. Kh4 Rh8 57. g5 Kf5 58. Ra6 Rb8 59. Rf6+
Kxe5 60. h6 Rb1 61. Kh5 1-0

[Event "Futurity 1"]
[Site "Winnipeg CAN"]
[Date "2010.01.26"]
[Round "4"]
[White "Lauritzen, S."]
[Black "Khegai, Angela"]
[Result "1-0"]
[WhiteElo "1920"]
[BlackElo "1976"]
[PlyCount "48"]
[EventDate "2010.01.05"]
[EventType "tourn"]
[EventRounds "7"]
[EventCountry "CAN"]

1. d4 d5 2. c4 e6 3. Nc3 c5 4. cxd5 cxd4 5. Qa4+ Bd7 6. Qxd4 exd5 7. Qxd5 Nc6
8. Nf3 Nf6 9. Qd1 Bb4 10. Bd2 O-O 11. e3 Qe7 12. Be2 Rfd8 13. O-O Bf5 14. Qc1
Rac8 15. a3 Ba5 16. Rd1 Ne4 17. Be1 Nc5 18. Rxd8+ Rxd8 19. Bc4 Ne5 20. Nxe5
Qxe5 21. b4 b5 22. Nxb5 Nb3 23. Bxb3 Qxb5 24. Bc4 Qc6 1-0

[Event "Futurity 1"]
[Site "Winnipeg CAN"]
[Date "2010.01.26"]
[Round "4"]
[White "Zadgorski, Michael"]
[Black "Kapu, Jeno"]
[Result "0-1"]
[WhiteElo "2112"]
[BlackElo "1998"]
[PlyCount "62"]
[EventDate "2010.01.05"]
[EventType "tourn"]
[EventRounds "7"]
[EventCountry "CAN"]

1. e4 c5 2. Nf3 d6 3. d4 cxd4 4. Nxd4 Nf6 5. Nc3 g6 6. Be3 Bg7 7. f3 a6 8. Bc4
b5 9. Bb3 Bb7 10. Qd2 Nbd7 11. g4 Nc5 12. O-O-O h5 13. g5 Nxb3+ 14. cxb3 Nd7
15. Kb1 Nb6 16. Qf2 Nd7 17. Nde2 O-O 18. Nf4 b4 19. Ncd5 a5 20. Nb6 Nxb6 21.
Bxb6 Qd7 22. Rc1 Rfc8 23. Rxc8+ Rxc8 24. Bxa5 Be5 25. Nd3 Qb5 26. Nxe5 dxe5 27.
Bb6 Rc6 28. Ba7 Qa5 29. Bb8 Ra6 30. Qc2 Qxa2+ 31. Kc1 Rc6 0-1

[Event "Futurity 1"]
[Site "Winnipeg CAN"]
[Date "2010.02.02"]
[Round "5"]
[White "Kapu, Jeno"]
[Black "Lauritzen, S."]
[Result "1-0"]
[WhiteElo "1998"]
[BlackElo "1920"]
[PlyCount "49"]
[EventDate "2010.01.05"]
[EventType "tourn"]
[EventRounds "7"]
[EventCountry "CAN"]

1. d4 Nf6 2. c4 e6 3. Nc3 Bb4 4. a3 Bxc3+ 5. bxc3 b6 6. e3 Ba6 7. Bd3 O-O 8.
Ne2 d6 9. O-O Nc6 10. Ng3 Na5 11. e4 Bxc4 12. f4 c5 13. f5 Bxd3 14. Qxd3 e5 15.
Bg5 h6 16. Bh4 g5 17. fxg6 fxg6 18. dxe5 g5 19. exf6 gxh4 20. Nh5 Rf7 21. e5
dxe5 22. Qg6+ Kf8 23. Qxh6+ Kg8 24. Rf5 Rh7 25. f7+ 1-0

[Event "Futurity 1"]
[Site "Winnipeg CAN"]
[Date "2010.02.02"]
[Round "5"]
[White "Khegai, Angela"]
[Black "Babb, Jeff"]
[Result "1/2-1/2"]
[WhiteElo "1976"]
[BlackElo "2084"]
[PlyCount "65"]
[EventDate "2010.01.05"]
[EventType "tourn"]
[EventRounds "7"]
[EventCountry "CAN"]

1. e4 d6 2. d4 Nf6 3. Nc3 g6 4. Bc4 c6 5. Qe2 Bg7 6. e5 Nd5 7. f4 Nxc3 8. bxc3
d5 9. Bd3 h5 10. Nf3 Bg4 11. h3 Bxf3 12. Qxf3 e6 13. Be3 Nd7 14. O-O Qe7 15. c4
dxc4 16. Bxc4 Nb6 17. Bb3 Qb4 18. c4 Nxc4 19. Bxc4 Qxc4 20. Rab1 b6 21. Rfc1
Qd5 22. Rxc6 Qxf3 23. gxf3 O-O 24. Rbc1 Rab8 25. Rc7 a5 26. a4 Bh6 27. Kf2 Rfd8
28. Rb1 Rd5 29. Rc5 Rdd8 30. Rcb5 Bf8 31. Rxb6 Rxb6 32. Rxb6 Bb4 33. Rc6
1/2-1/2

[Event "Futurity 1"]
[Site "Winnipeg CAN"]
[Date "2010.02.02"]
[Round "5"]
[White "Niks, E."]
[Black "Zadgorski, Michael"]
[Result "1-0"]
[WhiteElo "2121"]
[BlackElo "2112"]
[PlyCount "97"]
[EventDate "2010.01.05"]
[EventType "tourn"]
[EventRounds "7"]
[EventCountry "CAN"]

1. d4 Nf6 2. c4 g6 3. Nc3 d5 4. cxd5 Nxd5 5. e4 Nxc3 6. bxc3 c5 7. Be3 Bg7 8.
Rc1 O-O 9. Bc4 Nc6 10. Ne2 Qc7 11. O-O Rd8 12. Qc2 Bd7 13. Nf4 e6 14. d5 Na5
15. Be2 e5 16. Nd3 Nc4 17. Bg5 f6 18. Bh4 Nd6 19. f3 Rf8 20. c4 Rae8 21. Bf2 b6
22. Nb2 f5 23. Be3 f4 24. Bd2 g5 25. Nd1 h5 26. Nf2 Rf6 27. h3 Rg6 28. Bc3 Bf6
29. Rb1 Re7 30. Rb2 Rh7 31. Qd1 Rgh6 32. Qb3 Rg6 33. a4 Nc8 34. a5 Qd6 35. Qa2
Qf8 36. axb6 axb6 37. Qa6 Qh6 38. Rfb1 g4 39. fxg4 hxg4 40. Bxg4 Rxg4 41. hxg4
Qh2+ 42. Kf1 Bh4 43. Be1 Bg3 44. Rxb6 Nxb6 45. Qxb6 Rg7 46. Qb8+ Kh7 47. Qxe5
f3 48. Qh5+ Qxh5 49. gxh5 1-0

[Event "Futurity 1"]
[Site "Winnipeg CAN"]
[Date "2010.02.02"]
[Round "5"]
[White "Schulz, Wilhelm"]
[Black "Boron, Julien"]
[Result "1/2-1/2"]
[WhiteElo "1998"]
[BlackElo "2036"]
[PlyCount "74"]
[EventDate "2010.01.05"]
[EventType "tourn"]
[EventRounds "7"]
[EventCountry "CAN"]

1. d4 d5 2. Nf3 Nf6 3. g3 Bf5 4. Bg2 e6 5. O-O h6 6. c4 c6 7. Nc3 Be7 8. a3 a5
9. Nd2 O-O 10. e4 dxe4 11. Ndxe4 Nbd7 12. Bf4 Nxe4 13. Nxe4 Nf6 14. Nxf6+ Bxf6
15. Be5 Bxe5 16. dxe5 Bd3 17. Re1 Bxc4 18. Qa4 Bd5 19. Bxd5 cxd5 20. Rac1 Qb6
21. Re2 Rac8 22. Rec2 Rxc2 23. Qxc2 Qd4 24. Qc3 Qxc3 25. Rxc3 Rb8 26. Kf1 a4
27. Rc7 b5 28. Ke1 Kf8 29. h4 g5 30. hxg5 hxg5 31. Kd1 Kg7 32. Kd2 b4 33. Ra7
bxa3 34. bxa3 Rb2+ 35. Ke1 Rb1+ 36. Ke2 Rb2+ 37. Ke1 Rb1+ 1/2-1/2

[Event "Futurity 1"]
[Site "Winnipeg CAN"]
[Date "2010.02.09"]
[Round "6"]
[White "Babb, Jeff"]
[Black "Boron, Julien"]
[Result "1-0"]
[WhiteElo "2084"]
[BlackElo "2038"]
[PlyCount "63"]
[EventDate "2010.01.05"]
[EventType "tourn"]
[EventRounds "7"]
[EventCountry "CAN"]

1. f4 d5 2. e3 d4 3. e4 e5 4. Nf3 exf4 5. Bc4 Be6 6. Bxe6 fxe6 7. d3 g5 8. h4
g4 9. Ng5 Qd6 10. Qxg4 Nf6 11. Qxe6+ Qxe6 12. Nxe6 Bb4+ 13. Bd2 Nc6 14. Nxc7+
Kd7 15. Nxa8 Ng4 16. Na3 Ne3 17. Bxb4 Nxb4 18. Kd2 Rxa8 19. c3 Nc6 20. Rae1 Rg8
21. Re2 Rg3 22. Nc2 Nxg2 23. cxd4 f3 24. Rf2 Ke7 25. Rg1 Rh3 26. Rxf3 Rxf3 27.
Rxg2 Kf7 28. b4 Rh3 29. b5 Ne7 30. Rf2+ Kg7 31. d5 Rxh4 32. d6 1-0

[Event "Futurity 1"]
[Site "Winnipeg CAN"]
[Date "2010.02.09"]
[Round "6"]
[White "Khegai, Angela"]
[Black "Kapu, Jeno"]
[Result "1-0"]
[WhiteElo "1976"]
[BlackElo "1998"]
[PlyCount "101"]
[EventDate "2010.01.05"]
[EventType "tourn"]
[EventRounds "7"]
[EventCountry "CAN"]

1. d4 Nf6 2. Nf3 e6 3. c4 c5 4. g3 cxd4 5. Nxd4 d5 6. Bg2 e5 7. Nc2 d4 8. O-O
Be7 9. e3 dxe3 10. Nxe3 O-O 11. Nc3 Nc6 12. b3 Be6 13. Bb2 Bc5 14. Ned5 Bd4 15.
Nxf6+ Qxf6 16. Bxc6 bxc6 17. Ne4 Qg6 18. Bxd4 Qxe4 19. Bc5 Rfd8 20. Qe1 Qf5 21.
Rd1 Qh5 22. Rxd8+ Rxd8 23. f3 e4 24. Qa5 Rd7 25. Bb4 Qh6 26. Qc5 Rd8 27. fxe4
Bh3 28. Re1 Qf6 29. Qf2 Qe6 30. Qxa7 Re8 31. Qd4 h5 32. Bc3 f6 33. e5 f5 34.
Qd6 Kf7 35. Rd1 Bg4 36. Qxe6+ Rxe6 37. Rd7+ Re7 38. e6+ Kxe6 39. Rxe7+ Kxe7 40.
Bxg7 Bf3 41. a3 Bd1 42. b4 Bb3 43. c5 Ke6 44. Kf2 Kd5 45. Ke3 Kc4 46. Kf4 Bc2
47. Kg5 Kb3 48. b5 cxb5 49. c6 Be4 50. c7 Bb7 51. Bf8 1-0

[Event "Futurity 1"]
[Site "Winnipeg CAN"]
[Date "2010.02.09"]
[Round "6"]
[White "Lauritzen, S."]
[Black "Niks, E."]
[Result "0-1"]
[WhiteElo "1920"]
[BlackElo "2121"]
[PlyCount "182"]
[EventDate "2010.01.05"]
[EventType "tourn"]
[EventRounds "7"]
[EventCountry "CAN"]

1. d4 Nf6 2. c4 e6 3. Nc3 Bb4 4. Qc2 O-O 5. a3 Bxc3+ 6. Qxc3 b6 7. Bg5 h6 8.
Bh4 d6 9. e3 Bb7 10. Ne2 g5 11. Bg3 Ne4 12. Qc2 f5 13. f3 Nf6 14. Nc3 Qe8 15.
O-O-O a6 16. Be2 Nbd7 17. e4 f4 18. Bf2 e5 19. g3 Nh5 20. g4 Nhf6 21. h4 Kg7
22. Rh2 Rh8 23. Rdh1 Qf7 24. Nd5 c6 25. Nc3 d5 26. dxe5 Nxe5 27. Bd4 Qe6 28.
hxg5 hxg5 29. Rxh8 Rxh8 30. Rxh8 Kxh8 31. exd5 cxd5 32. Qf5 Qxf5 33. gxf5 Nfd7
34. Nxd5 Bxd5 35. cxd5 Kg8 36. Kd2 Kf7 37. Ke1 Ke7 38. Kf2 a5 39. Bb5 Kd6 40.
Bxd7 Nxd7 41. Bg7 Kxd5 42. Bh6 Ke5 43. Bxg5 Kxf5 44. Bd8 a4 45. Ke2 b5 46. Ba5
Nc5 47. Bb4 Ne6 48. Bc3 Ng5 49. Bd4 Ke6 50. Bc3 Kd5 51. Bd2 Ne6 52. Kd3 Ke5 53.
Bc3+ Kf5 54. Bd2 Ng5 55. Ke2 Ke5 56. Bc3+ Ke6 57. Bd2 Kf5 58. Bc3 Nh3 59. Bd4
Ke6 60. Kd3 Kd5 61. Ba7 Ng5 62. Ke2 Kc4 63. Bb8 Ne6 64. Be5 Kd5 65. Bc3 Nc5 66.
Bd2 Ke5 67. Bc3+ Ke6 68. Bb4 Na6 69. Bd2 Ke5 70. Kd3 Nc7 71. Bc3+ Kd5 72. Bd2
Ne6 73. Bc3 Nc5+ 74. Ke2 Kc4 75. Be5 Ne6 76. Kd2 Kb3 77. Bc3 Ng5 78. Ke2 Kc2
79. Be5 Ne6 80. Bc3 Nc5 81. Bd4 Nd3 82. Bf6 Nxb2 83. Be7 Nc4 84. Bc5 Kb3 85.
Kd3 Nxa3 86. Ke4 Nc2 87. Kxf4 b4 88. Ke4 Kc4 89. Bf8 b3 90. Bg7 a3 91. f4 b2
0-1

[Event "Futurity 1"]
[Site "Winnipeg CAN"]
[Date "2010.02.09"]
[Round "6"]
[White "Zadgorski, Michael"]
[Black "Schulz, Wilhelm"]
[Result "1-0"]
[WhiteElo "2112"]
[BlackElo "1998"]
[PlyCount "107"]
[EventDate "2010.01.05"]
[EventType "tourn"]
[EventRounds "7"]
[EventCountry "CAN"]

1. e4 c5 2. Nf3 Nc6 3. d4 cxd4 4. Nxd4 e5 5. Nb5 a6 6. Nd6+ Bxd6 7. Qxd6 Qf6 8.
Qa3 Nge7 9. Bd3 O-O 10. O-O Rb8 11. f4 b5 12. Qc3 d6 13. fxe5 Qxe5 14. Bf4 Qe6
15. Qe1 Ne5 16. Nc3 Bb7 17. Ne2 N7g6 18. Nd4 Qd7 19. Bg3 Rbd8 20. Rd1 d5 21.
Nb3 dxe4 22. Nc5 Nxd3 23. cxd3 Qd5 24. Nxb7 Qxb7 25. Qxe4 Qxe4 26. dxe4 Rfe8
27. Kf2 f6 28. Ke3 Nf8 29. Rxd8 Rxd8 30. Rc1 Ra8 31. Rc7 Ne6 32. Re7 Ng5 33. h4
Nf7 34. Rb7 Nd8 35. Rc7 Ne6 36. Re7 Nd8 37. Re8+ Kf7 38. Rh8 Rc8 39. Bd6 Ke6
40. Bb4 Rc4 41. a3 Nc6 42. Bc3 h6 43. Re8+ Kd7 44. Rg8 Ke6 45. Rxg7 a5 46. Rb7
b4 47. axb4 axb4 48. Bd2 Rc2 49. Rb6 Kd7 50. Bxb4 Rxb2 51. Bc5 Rxg2 52. Rb7+
Ke6 53. Rh7 Ne5 54. Re7# 1-0

[Event "Futurity 1"]
[Site "Winnipeg CAN"]
[Date "2010.02.16"]
[Round "7"]
[White "Boron, Julien"]
[Black "Zadgorski, Michael"]
[Result "0-1"]
[WhiteElo "2038"]
[BlackElo "2112"]
[PlyCount "92"]
[EventDate "2010.01.05"]
[EventType "tourn"]
[EventRounds "7"]
[EventCountry "CAN"]

1. d4 Nf6 2. c4 g6 3. Nc3 d5 4. e3 Bg7 5. Qb3 dxc4 6. Bxc4 O-O 7. Nf3 Nc6 8.
Be2 b6 9. O-O Bb7 10. Rd1 Qc8 11. Qc2 Nb4 12. Qd2 c5 13. dxc5 Qxc5 14. a3 Nc6
15. b4 Qf5 16. Bd3 Qg4 17. h3 Qc8 18. Bb2 Rd8 19. Qe2 Nd5 20. Nxd5 Rxd5 21.
Bxg7 Kxg7 22. Rac1 Qd8 23. Bc4 Rd6 24. Rxd6 Qxd6 25. Rd1 Qc7 26. Ng5 e6 27.
Bxe6 Qe7 28. Rd7 Qxg5 29. Rxf7+ Kh6 30. Rxb7 Nd8 31. f4 Qh4 32. g4 Qg3+ 33. Kh1
Qxh3+ 34. Kg1 Qg3+ 35. Kh1 Qh3+ 36. Kg1 Nxe6 37. g5+ Nxg5 38. fxg5+ Kxg5 39.
Qb5+ Kh6 40. Qe2 Rc8 41. Rf7 Qg3+ 42. Kh1 Rc1+ 43. Rf1 Qh3+ 44. Kg1 Rxf1+ 45.
Qxf1 Qxf1+ 46. Kxf1 Kg5 0-1

[Event "Futurity 1"]
[Site "Winnipeg CAN"]
[Date "2010.02.16"]
[Round "7"]
[White "Kapu, Jeno"]
[Black "Babb, Jeff"]
[Result "0-1"]
[WhiteElo "1998"]
[BlackElo "2084"]
[PlyCount "54"]
[EventDate "2010.01.05"]
[EventType "tourn"]
[EventRounds "7"]
[EventCountry "CAN"]

1. d4 Nf6 2. c4 c5 3. d5 b5 4. cxb5 a6 5. Nc3 axb5 6. Nxb5 Ba6 7. Nc3 g6 8. g3
d6 9. e4 Bxf1 10. Kxf1 Bg7 11. Kg2 Nbd7 12. f4 Nb6 13. Nf3 O-O 14. h4 Qd7 15.
Qd3 Na4 16. Nd1 Rfc8 17. Ne3 c4 18. Nxc4 Qb5 19. b3 Nc5 20. Qe2 Nxb3 21. Rb1
Qxc4 22. Qxc4 Rxc4 23. axb3 Rc2+ 24. Kh3 Nxe4 25. Rf1 Nf2+ 26. Kg2 Raa2 27. Kg1
Ne4 0-1

[Event "Futurity 1"]
[Site "Winnipeg CAN"]
[Date "2010.02.16"]
[Round "7"]
[White "Niks, E."]
[Black "Khegai, Angela"]
[Result "1-0"]
[WhiteElo "2121"]
[BlackElo "1976"]
[PlyCount "41"]
[EventDate "2010.01.05"]
[EventType "tourn"]
[EventRounds "7"]
[EventCountry "CAN"]

1. d4 d5 2. c4 e6 3. Nc3 c5 4. cxd5 cxd4 5. Qxd4 Nc6 6. Qd1 exd5 7. e3 Nf6 8.
Nf3 Be6 9. Bd3 Bb4 10. O-O O-O 11. Nb5 Ne4 12. a3 Ba5 13. b4 Qf6 14. Nfd4 a6
15. bxa5 axb5 16. Bb2 b4 17. axb4 Nxb4 18. Bxe4 dxe4 19. Nxe6 Qxb2 20. Nxf8
Rxf8 21. Qb1 1-0

[Event "Futurity 1"]
[Site "Winnipeg CAN"]
[Date "2010.02.16"]
[Round "7"]
[White "Schulz, Wilhelm"]
[Black "Lauritzen, S."]
[Result "1/2-1/2"]
[WhiteElo "1998"]
[BlackElo "1920"]
[PlyCount "78"]
[EventDate "2010.01.05"]
[EventType "tourn"]
[EventRounds "7"]
[EventCountry "CAN"]

1. Nf3 d5 2. d4 Bg4 3. Ne5 Bf5 4. e3 Nd7 5. Bd3 Bxd3 6. Nxd3 e6 7. Nd2 Ngf6 8.
c4 c6 9. b3 Ne4 10. Qc2 Bd6 11. c5 Bc7 12. Bb2 Qg5 13. O-O-O Qxg2 14. Rdg1 Qh3
15. Rxg7 Qh6 16. Rg2 O-O-O 17. Nxe4 dxe4 18. Ne1 Nf6 19. Qe2 Rhg8 20. h3 Rxg2
21. Nxg2 Rg8 22. Ne1 Nd5 23. a3 f5 24. Kc2 Rg6 25. Bc1 Qh4 26. Bd2 Nf6 27. Qf1
Qh6 28. Qc4 Ng4 29. Qf1 Nh2 30. Qe2 Qxh3 31. b4 Qg4 32. Qc4 a6 33. a4 h6 34. b5
axb5 35. axb5 Nf3 36. bxc6 bxc6 37. Qa6+ Kd7 38. Ba5 Bxa5 39. Qxa5 Qg5 1/2-1/2

[Event "Futurity 2"]
[Site "Winnipeg CAN"]
[Date "2010.03.02"]
[Round "1"]
[White "Kaptsan, Aron"]
[Black "Zaczek, Jonathan"]
[Result "1/2-1/2"]
[WhiteElo "2001"]
[BlackElo "2116"]
[PlyCount "66"]
[EventDate "2010.03.02"]
[EventType "tourn"]
[EventRounds "5"]
[EventCountry "CAN"]

1. d4 Nf6 2. Nf3 g6 3. Nbd2 d5 4. e3 Bg7 5. b4 Nbd7 6. Bb2 O-O 7. Be2 c6 8. c4
a5 9. a3 Re8 10. O-O b6 11. cxd5 Nxd5 12. Qb3 Bb7 13. Ne4 N7f6 14. Nxf6+ exf6
15. Rac1 axb4 16. axb4 b5 17. Ne1 Ra4 18. Nd3 Qe7 19. Bc3 Rea8 20. Ra1 Nxe3 21.
Rfe1 Rxa1 22. Bxa1 Nc4 23. Bf3 Qc7 24. Bc3 Rd8 25. Nc5 Bc8 26. Qc2 f5 27. Qe2
Bf6 28. Rd1 Nb6 29. Qe3 Nd5 30. Bxd5 Rxd5 31. f4 Qd8 32. Kf2 Kg7 33. Rd2 Qe7
1/2-1/2

[Event "Futurity 2"]
[Site "Winnipeg CAN"]
[Date "2010.03.02"]
[Round "1"]
[White "Lauritson, Jim"]
[Black "Khedkar, Jay"]
[Result "0-1"]
[WhiteElo "1901"]
[BlackElo "1986"]
[PlyCount "40"]
[EventDate "2010.03.02"]
[EventType "tourn"]
[EventRounds "5"]
[EventCountry "CAN"]

1. d4 d5 2. c4 e6 3. Nc3 c5 4. cxd5 cxd4 5. Qa4+ Bd7 6. Qxd4 exd5 7. Qxd5 Nc6
8. Nf3 Nf6 9. Qd1 Bc5 10. e3 O-O 11. Be2 Qe7 12. O-O Rfd8 13. Bd2 Bf5 14. a3 a5
15. Qa4 Ne5 16. Nd4 Bd3 17. Bxd3 Nxd3 18. Qc2 Bxd4 19. Qxd3 Bxc3 20. Qxc3 Ne4
0-1

[Event "Futurity 2"]
[Site "Winnipeg CAN"]
[Date "2010.03.02"]
[Round "1"]
[White "Lipnowski, Samuel"]
[Black "Melamedoff, Gustavo"]
[Result "1/2-1/2"]
[WhiteElo "2244"]
[BlackElo "2017"]
[PlyCount "118"]
[EventDate "2010.03.02"]
[EventType "tourn"]
[EventRounds "5"]
[EventCountry "CAN"]

1. e4 e5 2. Nf3 Nc6 3. d4 exd4 4. Nxd4 Nf6 5. Nxc6 bxc6 6. e5 Qe7 7. Qe2 Nd5 8.
c4 Ba6 9. Qe4 Nb6 10. Nd2 d5 11. exd6 cxd6 12. c5 Bxf1 13. Kxf1 Qxe4 14. Nxe4
dxc5 15. Be3 Nc4 16. Bxc5 Bxc5 17. Nxc5 O-O-O 18. b3 Nd2+ 19. Kg1 Rhe8 20. h4
Rd5 21. Rc1 Re2 22. Na4 Ne4 23. f3 Rdd2 24. Rh2 Rc2 25. Rd1 Ng3 26. a3 Nf5 27.
Kh1 Nd4 28. b4 Nxf3 29. Rh3 Ne5 30. Rg3 h5 31. Rxg7 Ng4 32. Rg1 Re3 33. Rf1 Rf2
34. Kg1 Rxf1+ 35. Kxf1 Rxa3 36. Nc5 Ra1+ 37. Ke2 Ra2+ 38. Ke1 a5 39. Rg8+ Kc7
40. Ra8 Kd6 41. Nb7+ Kc7 42. Nxa5 Ne3 43. Ra7+ Kb6 44. Rb7+ Ka6 45. Rxf7 Nxg2+
46. Kd1 Ne3+ 47. Kc1 Nd5 48. Nxc6 Kb5 49. Ne7 Nxe7 50. Rxe7 Kxb4 51. Re5 Kc3
52. Kd1 Kd3 53. Ke1 Rh2 54. Rxh5 Ke3 55. Kf1 Kf3 56. Kg1 Kg3 57. Rg5+ Kxh4 58.
Rg8 Ra2 59. Kf1 Kh5 1/2-1/2

[Event "Futurity 2"]
[Site "Winnipeg CAN"]
[Date "2010.03.09"]
[Round "2"]
[White "Kaptsan, Aron"]
[Black "Lipnowski, Samuel"]
[Result "1/2-1/2"]
[WhiteElo "2001"]
[BlackElo "2244"]
[PlyCount "38"]
[EventDate "2010.03.02"]
[EventType "tourn"]
[EventRounds "5"]
[EventCountry "CAN"]

1. d4 Nf6 2. c4 g6 3. Nc3 d5 4. cxd5 Nxd5 5. e4 Nxc3 6. bxc3 Bg7 7. Bc4 c5 8.
Ne2 O-O 9. O-O cxd4 10. cxd4 Nc6 11. Be3 b6 12. Bd5 Bb7 13. Rc1 Na5 14. Bxb7
Nxb7 15. Qa4 a6 16. Qc6 Na5 17. Qc7 Rc8 18. Qa7 Ra8 19. Qc7 Rc8 1/2-1/2

[Event "Futurity 2"]
[Site "Winnipeg CAN"]
[Date "2010.03.09"]
[Round "2"]
[White "Melamedoff, Gustavo"]
[Black "Lauritson, Jim"]
[Result "0-1"]
[WhiteElo "2017"]
[BlackElo "1901"]
[PlyCount "62"]
[EventDate "2010.03.02"]
[EventType "tourn"]
[EventRounds "5"]
[EventCountry "CAN"]

1. e3 d5 2. b3 e5 3. Bb2 Bd6 4. f4 exf4 5. exf4 Nf6 6. Qe2+ Qe7 7. Bxf6 gxf6 8.
Qxe7+ Kxe7 9. Nc3 c6 10. g3 Bf5 11. O-O-O a5 12. Bh3 Bxh3 13. Nxh3 Na6 14.
Rde1+ Kd7 15. Nf2 h5 16. a4 Nb4 17. Ncd1 Rag8 18. c3 Na6 19. Ne3 h4 20. Nfg4
Be7 21. Nf5 Ba3+ 22. Kc2 Rxg4 23. b4 hxg3 24. Re7+ Kd8 25. Rhe1 gxh2 26. Nd6
h1=Q 27. Nxf7+ Kc8 28. Nd6+ Kb8 29. Rxb7+ Ka8 30. Ree7 Qc1+ 31. Kd3 Rh3+ 0-1

[Event "Futurity 2"]
[Site "Winnipeg CAN"]
[Date "2010.03.09"]
[Round "2"]
[White "Zaczek, Jonathan"]
[Black "Khedkar, Jay"]
[Result "0-1"]
[WhiteElo "2116"]
[BlackElo "1986"]
[PlyCount "88"]
[EventDate "2010.03.02"]
[EventType "tourn"]
[EventRounds "5"]
[EventCountry "CAN"]

1. e4 e5 2. Nf3 Nc6 3. Bb5 a6 4. Ba4 Nf6 5. O-O Be7 6. Re1 b5 7. Bb3 d6 8. c3
O-O 9. h3 Na5 10. Bc2 c5 11. d4 Qc7 12. Nbd2 Re8 13. b3 Bf8 14. d5 g6 15. Bd3
Nh5 16. Bf1 Bg7 17. Bb2 Nf4 18. Kh2 c4 19. g3 Nh5 20. bxc4 bxc4 21. Qe2 Bd7 22.
Ba3 f5 23. Bb4 Ba4 24. Nxc4 Nxc4 25. Qxc4 Qb6 26. Qe2 fxe4 27. Ng5 Nf6 28. Nxe4
Nxe4 29. Qxe4 Qxf2+ 30. Bg2 Bc2 31. Qe2 Qxe2 32. Rxe2 Bd3 33. Re3 e4 34. Rd1 a5
35. Bxd6 Bxc3 36. Bf4 Bd4 37. Rdxd3 exd3 38. Rxd3 Bf6 39. d6 Re2 40. Kg1 Rb8
41. Kf1 Rc2 42. Bd5+ Kg7 43. Bb3 Rc3 44. Rd2 g5 0-1

[Event "Futurity 2"]
[Site "Winnipeg CAN"]
[Date "2010.03.16"]
[Round "3"]
[White "Khedkar, Jay"]
[Black "Melamedoff, Gustavo"]
[Result "1-0"]
[WhiteElo "1986"]
[BlackElo "2017"]
[PlyCount "51"]
[EventDate "2010.03.02"]
[EventType "tourn"]
[EventRounds "5"]
[EventCountry "CAN"]

1. e4 e5 2. f4 Bc5 3. Nf3 Nc6 4. Nc3 d6 5. Na4 Bg4 6. Bb5 Nge7 7. fxe5 O-O 8.
c3 Nxe5 9. d4 c6 10. Be2 Nf5 11. O-O Nxf3+ 12. gxf3 Bh3 13. Rf2 Nh4 14. dxc5 b5
15. Qxd6 Ng6 16. Qg3 Bc8 17. Bg5 f6 18. Rd1 Qa5 19. Be3 Qxa4 20. b3 Qa3 21. Qc7
Ne5 22. Rg2 Nf7 23. Bh6 Qxc5+ 24. Kh1 Qh5 25. Rxg7+ Kh8 26. Rxf7 1-0